| 000 | 00963nam a2200289 a 4500 | ||
|---|---|---|---|
| 001 | BRL_1226 | ||
| 005 | 20190320211108.0 | ||
| 008 | 021213s2000----mx-a######---#000-0#spa-# | ||
| 020 | _a97092655 | ||
| 041 | _aspa | ||
| 044 | _amx | ||
| 050 | 4 |
_aND259.P33 _b.P37 2000 |
|
| 100 | 1 |
_aParra, Cármen _d1944- _926178 |
|
| 245 | 1 | 0 |
_aPolvo de estrellas _cCarmen Parra ; fotografía Boris de Swan ; traducción al inglés Susan Beth Kapilian. |
| 260 |
_aMexico _bSecretaría de Educación Pública _c2000 |
||
| 300 |
_a47 p. _bil. (algunas a color) _c23 cm. |
||
| 500 | _aAu1412 | ||
| 500 | _aTexto en: español e inglés | ||
| 600 | 1 | 4 |
_aParra, Carmen _d1944- _vExposiciones _926179 |
| 650 | 1 | 4 |
_aPintores mexicanos _vExposiciones _ySiglo XX _926180 |
| 650 | 1 | 4 |
_aMariposas en el arte _vExposiciones _926181 |
| 700 | 1 |
_aSwan, Boris de _eil. _926182 |
|
| 700 | 1 |
_aBeth Kapilian, Susan _etr. _926183 |
|
| 740 | 0 | _aMariposa monarca | |
| 902 | _aGRL | ||
| 942 |
_2lcc _cB |
||
| 999 |
_c10038 _d10038 |
||